000
00275nam a22001217a 4500
008
180308b xxu||||| |||| 00| 0 eng d
041
_a
eng
080
_a
339.138
100
_a
60
101
_a
MAR
245
_a
Marketing real people choices
_c
Solomon,M.R
942
_2
udc
_c
BK
999
_c
44423
_d
44423